000 00297nam a22001337a 4500
008 210519b ||||| |||| 00| 0 eng d
041 _aeng
080 _a7
082 _a7
100 _a44
101 _aART
245 _aWho Wrote the Movie and what else did he write?
_cWEST
942 _2udc
_cBK
999 _c57506
_d57506